แสดงรายละเอียดบรรณานุกรม
  กลับหน้าหลัก

Brief Record : Get Marc (ISO 2709) : E-mail record : QR code ปิดหน้าต่าง
สารบัญ Review โดย
ใช้งานได้ทุกระบบ
ห้องสมุด วพบ.ขอนแก่น
ใช้งานได้ทุกระบบ เมื่อ26/มกราคม/2558
  • บทที่ 1 บทนำ
  • บทที่ 2 การเล่นกับการส่งเสริมพัฒนาการเด็ก
  • บทที่ 3 การจัดการเล่นในเด็กป่วย
  • บทที่ 4 กรณีตัวอย่างการจัดการเล่นในเด็กป่วย

E-books : เกี่ยวกับ Collections
LEADER 00000nama 2200000uu 4500
001    202398
003     ULIBM
008    040531s|||| th m m a000 0 tha d
020    ^a978-974-300-684-5
041    tha
050    WY159 จ844ก 2552
100    แจ่มจันทร์ กุลวิจิตร.
245    การเล่นในเด็กป่วย/แจ่มจันทร์ กุลวิจิตร.
250    พิมพ์ครั้งที่ 2.
260    สงขลา. คณะพยาบาลศาสตร์ มหาวิทยาลัยสงขลานครินทร์. 2552.
300    118 หน้า.
600    I. มหาวิทยาลัยสงขลานครินทร์ คณะพยาบาลศาสตร์.
650    1.การพยาบาลกุมารเวชศาสตร์ 2.การเล่นและของเล่น 3.เด้กในโรงพยาบาล 4.พัฒนาการเด็ก.
995    001
999    ^aใช้งานได้ทุกระบบ
รายการนี้ยังไม่มีแท็ก
คุณยังไม่ได้ล็อกอิน คุณสามารถมีกิจกรรมร่วมกับเว็บไซต์ได้ แต่ต้องล็อกอินก่อน ::
  ล็อกอิน
ลำดับที่ ประเภท เลขเรียก สถานที่ สถานะ
1. หนังสือทั่วไป
หนังสือทั่วไป
WY159 จ844ก 2552  
  
ห้องสมุด หอพักนักศึกษา (ห้องเหลือง) On Shelf
  ขอยืม
2. หนังสือทั่วไป
หนังสือทั่วไป
WY159 จ844ก 2552 ฉ.2 
  
ห้องสมุด หอพักนักศึกษา (ห้องเหลือง) On Shelf
  ขอยืม
3. หนังสือทั่วไป
หนังสือทั่วไป
WY159 จ844ก 2552 ฉ.3 
  
ห้องสมุด หอพักนักศึกษา (ห้องเหลือง) On Shelf
  ขอยืม
4. หนังสือทั่วไป
หนังสือทั่วไป
WY159 จ844ก 2552 ฉ.4 
  
ห้องสมุด หอพักนักศึกษา (ห้องเหลือง) On Shelf
  ขอยืม
5. หนังสือทั่วไป
หนังสือทั่วไป
WY159 จ844ก 2552 ฉ.5 
  
ห้องสมุด หอพักนักศึกษา (ห้องเหลือง) On Shelf
  ขอยืม
   [แสดง 5/5 รายการ]

BibComment


ยังไม่เคยถูกคอมเมนท์

คอมเมนท์ทรัพยากรรายการนี้
  คอมเมนท์: การเล่นในเด็กป่วย..
Bib 202398

 
 
 

 Union Library Management : ULibM
Copyright 2026. All Rights Reserved.
скачать бесплатно без регистрации порно красивый секс HD Sex Hindi sex

xxx gou

xxxx

bfxxx

xxxwww

Секса Видео

xxxx

Секса Видео

detube

geilexxx

C99 Shell

worms shell

blod xxx video
Ebony Coed Rihanna Rimes Takes A Dick In Her Young Twat priyaa indian fuck anal and pusssy hardcore indian women xxx desi hardcore fucking part 1 bengalixxxcouple